000 01678cam a2200337 i 4500
003 PE-LiUPU
005 20260202161006.0
008 1001 s2010 ar a rb 000 0 spa d
020 _a9789875676268
035 _aPE-LiUPU00066
040 _aPE-LiUPU
_bspa
_cPE-LiUPU
_erda
082 0 4 _a248.3
_223
_bM875o
100 1 _aMorris, Derek J.,
_eautor.
_97879
245 1 3 _aLa oración radical :
_b¿Responderás al llamamiento de Jesús? /
_cDerek J. Morris.
250 _aPrimera edición.
264 1 _aFlorida :
_bAsociación Casa Editora Sudamericana,
_c2010.
264 3 _aImpreso en la Argentina.
300 _a61 páginas ;
_c23 cm
336 _atext
_2rdacontent
337 _aunmediated
_2rdamedia
338 _avolume
_2rdacarrier
500 _aTraducción de la obra original en inglés.
500 _aObra de reflexión espiritual centrada en la oración cristiana y el compromiso radical con Jesús.
505 _aVer el mundo desde una perspectiva radical -- Reconocer un problema radical -- Elevar la oración radical -- Abordar desafíos radicales -- Trabajar con una dependencia radical -- Experimentar el gozo radical.
520 _aLibro devocional que invita al lector a profundizar en una vida de oración intensa y transformadora, destacando el poder de la oración radical como respuesta al llamado de Jesús y como medio para experimentar una fe activa, gozosa y comprometida.
650 1 4 _aOración cristiana.
_97880
650 2 4 _aVida devocional cristiana
_97978
700 _aBosch Queralt, Daniel,
_edirector.
_97883
942 _2ddc
_cBK
980 _618228
_aRebeca Esther Huerta Leyton
_818226
_gJaime Vilcazán Jefe de Análisis Documental
999 _c63229
_d63228